Premier League Players by Name - O - Statistics

General Stats
  • This quiz has been taken 21 times
  • The average score is 4 of 8
Answer Stats
Position Club Nation Player % Correct
FW Liverpool Belgium Divock Origi
100%
MF Arsenal Norway Martin Odegaard
88%
MF Liverpool England Alex Oxlade-Chamberlain
81%
DF West Ham United Italy Angelo Ogbonna
81%
MF Brentford Nigeria Frank Onyeka
31%
MF Crystal Palace France Michael Olise
31%
DF Norwich City Ireland Andrew Omobamidele
19%
GK Arsenal England Arthur Okonkwo
13%
No matching quizzes found
Score Distribution
Percent of People with Each Score
Percentile by Number Answered
Your Score History
You have not taken this quiz